| 000 | 00798cab a22001815a 4500 | ||
|---|---|---|---|
| 001 | L144946 | ||
| 008 | 080826e20080822xxkbd f s 000 0 eng d | ||
| 035 | _a(Sirsi) u144946 | ||
| 041 | 0 | _aeng | |
| 100 | 1 | _aCook, Lucian | |
| 245 | 0 | 0 | _aHeritage at a premium |
| 260 | _c2008 | ||
| 490 |
_aProperty Week _v73(34) 22 August 2008, 34(1) |
||
| 520 | _aArticle looks at research showing that house prices are found to be higher in locations with higher concentrations of listed buildings. Provides a detailed regional map for England showing density of listed buildings by area; in addition to a graph showing average house price premium versus density of listed buildings. | ||
| 651 | 4 |
_aEngland and Wales _y1543- |
|
| 690 | _aPROPERTY-RESIDENTIAL PROPERTY-RESIDENTIAL PROPERTY MARKET | ||
| 942 | _n0 | ||
| 999 |
_c80658 _d80658 |
||